H P T L C High performance thin-layer chromatography (Record no. 37274)

MARC details
000 -LEADER
fixed length control field 00408nam a2200157Ia 4500
008 - FIXED-LENGTH DATA ELEMENTS--GENERAL INFORMATION
fixed length control field 230917s9999||||xx |||||||||||||| ||und||
020 ## - ISBN
Price FL200
040 ## - CATALOGING SOURCE
-- 11919
Original cataloging agency VIVEKANANDA LIBRARY
041 ## - Language
-- English
082 ## - DDC NUMBER
Classification number 544.92 J827Z:H
100 ## - MAIN ENTRY--PERSONAL NAME
Personal name Zlatkis, A, ed
245 #0 - TITLE STATEMENT
Title H P T L C High performance thin-layer chromatography
260 ## - PUBLICATION, DISTRIBUTION, ETC. (IMPRINT)
Place of publication, distribution, etc Amsterdam
Name of publisher, distributor, etc Elsevier Scientific
Date of publication, distribution, etc 1977
300 ## - PHYSICAL DESCRIPTION
Pages 240 p.
942 ## - ADDED ENTRY ELEMENTS (KOHA)
Koha item type Books
Holdings
Withdrawn status Lost status Damaged status Not for loan Location (home branch) Sublocation or collection (holding branch) Date acquired Koha issues (times borrowed) Koha full call number Accession No. Koha date last seen Koha item type
        VIVEKANANDA LIBRARY VIVEKANANDA LIBRARY 08/08/2002   544.92 J827Z:H 102781 17/09/2023 Books
© Designed and Maintained by Vivekananda Library, MDU Rohtak